| 000 | 00746nam a2200229Ia 4500 | ||
|---|---|---|---|
| 003 | OSt | ||
| 005 | 20220926021044.0 | ||
| 006 | a|||||r|||| 00| 0 | ||
| 007 | ta | ||
| 008 | 220923b |||||||| |||| 00| 0 eng d | ||
| 037 | _cGeneral Book | ||
| 040 |
_aRTL _cRTL _beng |
||
| 041 |
_2eng _aeng |
||
| 082 | _aY:4:6.573.N6, K7/UN | ||
| 100 |
_aUnited Nations, Economic and Social Affair (Deptt of-) _9325706 |
||
| 245 | 0 | _aOrganization and administration of social welfare | |
| 260 |
_aNew York _bThe Author _c1967 |
||
| 300 |
_avi,71p _ccm. |
||
| 490 | _aIts, Series of Country Studies | ||
| 942 |
_hY:4:6.573.N6, K7/UN _cGB _2CC |
||
| 999 |
_c635646 _d635646 |
||